000 00623nam a2200205Ia 4500
001 b5373-35934
003 IT-MiCISF
008 161014s9999||||xx |||||||||||||| ||und||
040 _aIT-MiCISF
_cIT-MiCISF
041 _ait
100 _aSebag-Lanoë Renée
245 0 _aL'assistenza ai morenti
250 _a1a ed.
260 _a Como
_bRed Edizioni
_c1987 [Edizione originale: 1986]
300 _app. 159
500 _a / malato-terminale, morte, operatori-sanitari, atteggiamenti-verso-morte, servizi-sanitari, famiglia, geriatria, esperienze /
650 _amorte
942 _cBK
957 _71
999 _a35934
_bsi
_g1
_c211781
_d211781